[Event "Barcelona Vila de Gracia op 6th"]
[Site "Barcelona"]
[Date "2012.11.16"]
[Round "7"]
[White "Gonzalez Rodriguez, Raul Omar"]
[Black "Del Sol Salanova, Josep Luis"]
[Result "1-0"]
[WhiteElo "2189"]
[BlackElo "2008"]
[PlyCount "55"]
[EventDate "2012.09.28"]
[EventType "swiss"]
[EventRounds "9"]
[EventCountry "ESP"]
[SourceTitle "EXT 2015"]
[Source "ChessBase"]
[SourceDate "2014.11.20"]
[SourceVersion "1"]
[SourceVersionDate "2014.11.20"]
[SourceQuality "1"]

1. d4 b6 2. b3 Bb7 3. Bb2 e6 4. Nd2 f5 5. Ngf3 Nf6 6. e3 Be7 7. Be2 0-0 8. 0-0 Ne4 9. c4 Bf6 10. b4 d6 11. a4 a5 12. bxa5 Rxa5 13. Nb3 Ra8 14. a5 Nc6 15. axb6 cxb6 16. Qb1 Qe8 17. Nbd2 Qh5 18. Nxe4 fxe4 19. Qxe4 Nd8 20. Qc2 Be7 21. Rxa8 Bxa8 22. Ra1 Nf7 23. Ra7 Ng5 24. d5 Nxf3+ 25. Bxf3 Qg5 26. Qe4 e5 27. Qg4 Qf6 28. Qd7 1-0

[Event "Barcelona Escacs CC tt"]
[Site "Barcelona"]
[Date "2007.04.21"]
[Round "2"]
[White "Del Sol Salanova, Josep Luis"]
[Black "Garcia Gil, Jose Antonio"]
[Result "1-0"]
[WhiteElo "1984"]
[BlackElo "1811"]
[PlyCount "67"]
[EventDate "2007.04.14"]
[EventType "team"]
[EventRounds "7"]
[EventCountry "ESP"]
[SourceTitle "EXT 2009"]
[Source "ChessBase"]
[SourceDate "2008.11.26"]
[SourceVersion "1"]
[SourceVersionDate "2008.11.26"]
[SourceQuality "1"]

1. e4 d6 2. d4 g6 3. f4 Nf6 4. Nc3 Bg7 5. Nf3 Bg4 6. Be3 0-0 7. h3 Bxf3 8. Qxf3 Nbd7 9. e5 Ne8 10. 0-0-0 c6 11. g4 e6 12. Ne4 d5 13. Nf2 b5 14. g5 Qa5 15. Kb1 Nb6 16. Ng4 Nc4 17. h4 b4 18. Bc1 Qb6 19. h5 a5 20. Nf6+ Nxf6 21. gxf6 Bh8 22. hxg6 fxg6 23. Bd3 Na3+ 24. Ka1 Rf7 25. Qh3 b3 26. cxb3 a4 27. Bxg6 Raa7 28. Bxf7+ Rxf7 29. Rhg1+ Kf8 30. Qh6+ Ke8 31. Rg8+ Kd7 32. Qh5 Re7 33. fxe7 Kxe7 34. Qe8# 1-0

[Event "Catalunya-chT"]
[Site "Barcelona"]
[Date "2002.??.??"]
[Round "9"]
[White "Del Sol Salanova, Josep Luis"]
[Black "Planella Sanchez, Jordi"]
[Result "1-0"]
[WhiteElo "2125"]
[BlackElo "2120"]
[PlyCount "67"]
[EventDate "2002.??.??"]
[EventType "team"]
[EventRounds "9"]
[EventCountry "ESP"]
[SourceTitle "EXT 2008"]
[Source "ChessBase"]
[SourceDate "2007.11.25"]
[SourceVersion "1"]
[SourceVersionDate "2007.11.25"]
[SourceQuality "1"]

1. d4 d5 2. Bg5 h6 3. Bh4 Nd7 4. Nc3 Ngf6 5. f3 e6 6. e4 g5 7. Bg3 c6 8. Qd2 Bb4 9. a3 Qa5 10. Nge2 dxe4 11. 0-0-0 Bxc3 12. Nxc3 exf3 13. Kb1 b5 14. Bd6 Bb7 15. gxf3 Qb6 16. Re1 0-0-0 17. b4 Rde8 18. a4 Nd5 19. axb5 cxb5 20. Nxb5 Rd8 21. Bc5 Nxc5 22. bxc5 Qa6 23. Nd6+ Rxd6 24. Bxa6 Rxa6 25. Kb2 Kc7 26. Ra1 Rb8 27. Ra5 Bc6+ 28. Kc1 Nb4 29. Rxa6 Bxf3 30. Rxa7+ Kc6 31. Rf1 Bd5 32. Rfxf7 Na2+ 33. Rxa2 Bxa2 34. Qa5 1-0